| 000 | 00835nac a22002655a 4500 | ||
|---|---|---|---|
| 008 | 110418t1984 n a frb 001 0 eng d | ||
| 010 | _a83014944 | ||
| 020 | _a0070662746 | ||
| 020 | _a9780070662742 | ||
| 040 |
_aEG-Sc BUE _beng _cEG-Sc BUE |
||
| 082 | 0 | 4 |
_a621.3121 _bWAK _222 |
| 100 | 1 |
_aEl-Wakil, M. M. _923177 |
|
| 245 | 1 | 0 |
_aPower plant Technology / _cM. M. El-Wakil. |
| 260 |
_aNew York : _bMcGraw-Hill Book Company, _cc.1984 _e(Singapore) |
||
| 300 |
_axv, 861 p. : _bill. ; _c25 cm. |
||
| 440 | _aElectronical michanical Engineering . | ||
| 500 | _aIndex : p. 851-861. | ||
| 504 | _aBibliography : p. 842-849. | ||
| 590 | _aDoha | ||
| 650 | 0 |
_aElectric power-plants. _923178 _2BUEsh |
|
| 651 | _2BUEsh | ||
| 653 |
_cJanuary2014 _cAugust2015 |
||
| 655 |
_vtext book _933728 |
||
| 942 |
_cBB _k621.3121 WAK _2ddc |
||
| 999 |
_c4551 _d4551 |
||